Statistics for 1980s Kids Movies by Picture

Click here to take the quiz!

General Stats

  • This quiz has been taken 285 times
  • The average score is 11 of 21

Answer Stats

Answer% Correct
E.T. the Extra-Terrestrial
99%
Back to the Future
95%
Gremlins
90%
The Goonies
84%
Honey, I Shrunk the Kids
78%
The NeverEnding Story
75%
Big
73%
Ghostbusters
60%
Howard the Duck
56%
Labyrinth
50%
Beetlejuice
48%
Who Framed Roger Rabbit
46%
Pee-wee's Big Adventure
42%
Short Circuit
36%
Willow
30%
Adventures in Babysitting
28%
An American Tail
28%
Flight of the Navigator
25%
Return to Oz
20%
Ernest Goes to Camp
19%
Superman IV: The Quest for Peace
14%

Score Distribution

Percentile by Number Answered

Percent of People with Each Score

Your Score History

You have not taken this quiz